LEADER 01169nam a2200301 i 4500 001 991003991789707536 008 030128s1999 be 000 0 lat d 020 $a2503006930 035 $ab1189376x-39ule_inst 040 $aBiblioteca Interfacoltà$bita 041 $alatfre 082 04$a239.2 245 00$aAltercatio ecclesiae et synagogae /$ccura et studio J.N. Hillgarth . Potamii Episcopi Olisponensis opera omnia / cura et studio M. Conti 246 23$aPotamii Episcopi Olisponensis opera omnia 260 $aTurnhout :$bBrepols,$c1999 300 $a277 p. :$bill. ;$c26 cm. 490 0 $aCorpus Christianorum. Series Latina ;$v69 A 504 $aComprende bibliografia e indici. 600 14$aPotamius : Ulixibonensis 700 1 $aHillgarth, Jocelyn Nigel 700 1 $aConti, Marco 700 1 $aPotamius : Ulixibonensis 907 $a.b1189376x$b28-04-17$c28-01-03 912 $a991003991789707536 945 $aLE002 Patr. CCSL 069 A$g1$i2002000099990$lle002$o-$pE0.00$q-$rn$so $t0$u0$v0$w0$x0$y.i12152882$z28-01-03 996 $aAltercatio ecclesiae et synagogae$9901992 997 $aUNISALENTO 998 $ale002$b28-01-03$cm$da $e-$flat$gbe $h0$i0 LEADER 01729oam 2200445Ia 450 001 9910702115903321 005 20130930154938.0 035 $a(CKB)5470000002424983 035 $a(OCoLC)227787626 035 $a(EXLCZ)995470000002424983 100 $a20080512d1992 ua 0 101 0 $aeng 135 $aur||||||||||| 181 $ctxt$2rdacontent 182 $cc$2rdamedia 183 $acr$2rdacarrier 200 13$aAn Evaluation of the usability of the MEPSS prototype decision support program for abdominal pain with two user populations$b[electronic resource] /$fby Elaine F. Chouinard 210 1$aGroton, CT :$cNaval Submarine Medical Research Laboratory,$d[1992] 215 $a1 online resource (51 pages) 225 1 $aNSMRL report ;$vno. 1180 300 $aTitle from title screen (viewed Oct. 3, 2012). 300 $a"20 August 92." 320 $aIncludes bibliographical references (pages 30-31). 606 $aAbdominal pain$xDiagnosis$xEvaluation 606 $aMedicine, Naval$xData processing$xEvaluation 606 $aUser-centered system design 615 0$aAbdominal pain$xDiagnosis$xEvaluation. 615 0$aMedicine, Naval$xData processing$xEvaluation. 615 0$aUser-centered system design. 700 $aChouinard$b Elaine F$01414706 712 02$aUnited States.$bNaval Medical Research and Development Command. 712 02$aNaval Submarine Medical Research Laboratory. 801 0$bDTICE 801 1$bDTICE 801 2$bOCLCQ 801 2$bGPO 906 $aBOOK 912 $a9910702115903321 996 $aAn Evaluation of the usability of the MEPSS prototype decision support program for abdominal pain with two user populations$93548061 997 $aUNINA